Bilecik Bilecik Bilecik Bilecik Bilecik

The tenses and their usage = (Record no. 71492)

MARC details
000 -BAŞLIK
Sabit Uzunluktaki Kontrol Alanı 00933nam a22003017a 4500
001 - KONTROL NUMARASI
Control Dosyası 0070744
003 - KONTROL NUMARASI KİMLİĞİ
Kontrol Alanı KOHA_MİRAKIL
005 - EN SON İŞLEM TARİHİ ve ZAMANI
Kontrol Alanı 20260207004938.0
007 - FİZİKSEL TANIM SABİT ALAN - GENEL BİLGİ
Sabit uzunluklu kontrol alanı ta
008 - SABİT UZUNLUKTAKİ VERİ ÖGELERİ - GENEL BİLGİ
Sabit Alan 240321b1977 tu |||gr||||#0|||1|tur |
020 ## - ISBN - ULUSLARARASI STANDART KİTAP NUMARASI
Isbn 9754660107
040 ## - KATALOGLAMA KAYNAĞI
Özgün Kataloglama Kurumu TR-BiSEU
Kataloglama Dili tur
Çeviri Kurumu TR-BiSEU
Açıklama Kuralları rda
041 0# - DİL KODU
Metin ya da ses kaydının dil kodu tur
-- eng
044 ## - YAYINLAYAN/ÜRETEN KURULUŞUN ÜLKE KODU
ISO country code tu
050 ## - SINIFLAMA ve YER NUMARASI
Sınıflama Numarası PE1301
Yer Numarası .S46 1977
100 1# - KİŞİ ADI
Yazar Adı (Kişi adı) Şentürk, Faruk.
240 10 - TEK BİÇİM BAŞLIK
Tekbiçim Başlık <a href="zamanlar ve kullanılışı">zamanlar ve kullanılışı</a>
Language of a work Türkçe
245 14 - ESER ADI BİLDİRİMİ
Başlık The tenses and their usage =
Alt Eseradı vb. zamanlar ve kullanılışı/
Sorumluluk Bildirimi Faruk Şentürk ; Faruk Şentürk.
264 #1 - ÜRERİM, YAYIN, DAĞITIM ve TELİF BİLDİRİMİ
Yayın yeri İstanbul :
Yayınlayan Taş Kitapçılık & Yayıncılık
Yayın tarihi 1977
300 ## - FİZİKSEL TANIMLAMA
Sayfa, Cilt vb. 322 papers; 23 cm.
336 ## - İÇERİK TÜRÜ
Content type term metin
Content type code txt
Source rdacontent
337 ## - MEDYA TÜRÜ
Media type term aracısız
Media type code n
Source rdamedia
338 ## - TAŞIYICI TÜRÜ
Carrier type term cilt
Carrier type code nc
Source rdacarrier
650 #0 - KONU BAŞLIĞI EK GİRİŞ - KONU TERİMİ
Konusal terim veya coğrafi ad English language--Tenses.
9 (RLIN) 138298
650 #0 - KONU BAŞLIĞI EK GİRİŞ - KONU TERİMİ
Konusal terim veya coğrafi ad İngiliz dili--Zamanlar.
9 (RLIN) 138299
907 ## - LOCAL DATA ELEMENT G, LDG (RLIN)
a Dil ve Edebiyat
942 ## - EK GİRİŞ ÖGELERİ (KOHA)
Source of classification or shelving scheme Library of Congress Classification
Koha item type Book
Holdings
Materyal Türü Kalıcı Konum Mevcut Konum Raf Yeri Sınıflandırma Kaynağı Edinim Bilgisi Ana Konular Alt Konular Yer Numarası Demirbaş Numarası Fatura Tarihi Geri Çekilme Durumu Kayıp Durumu Hasarlı Durumu Kredi için değil Kayıt Tarih Toplam Ödünçverme Son Görülme Tarihi Son Kontrol Tarihi Genel / Bağış Notu
Book Prof. Dr. Azmi Özcan Kütüphanesi Prof. Dr. Azmi Özcan Kütüphanesi Birûni Salonu Library of Congress Classification Bağış DİL VE EDEBİYAT İngiliz Dili PE1301 .S46 1977 0070744 02/02/2026         21/03/2024   17/03/2025 17/03/2025 Genel Bağış